[Event "Sochi ChessAmateur op"]
[Site "Sochi"]
[Date "2018.04.04"]
[Round "6"]
[White "Taalaibekov, Tagir"]
[Black "Rogoznikov, Andrey"]
[Result "1/2-1/2"]
[WhiteElo "2261"]
[BlackElo "2293"]
[PlyCount "121"]
[EventDate "2018.04.01"]
[EventType "swiss"]
[EventRounds "9"]
[EventCountry "RUS"]
[SourceTitle "CBM 184 Extra"]
[Source "ChessBase"]
[SourceDate "2018.06.28"]
[SourceVersion "1"]
[SourceVersionDate "2018.06.28"]
[SourceQuality "1"]

1. d4 Nf6 2. Bf4 c5 3. e3 e6 4. c3 Be7 5. Nd2 Nc6 6. h3 0-0 7. Ngf3 d5 8. Bd3 b6 9. 0-0 a5 10. Qe2 Bb7 11. Rfd1 Qc8 12. dxc5 bxc5 13. e4 Ba6 14. exd5 exd5 15. Ne5 Re8 16. Qf3 Bd6 17. Bxa6 Rxa6 18. Ng4 Nxg4 19. Bxd6 Nf6 20. Re1 Rxe1+ 21. Rxe1 c4 22. Ba3 h6 23. Qf4 Qd7 24. Nf1 Ra8 25. Ne3 Re8 26. Rd1 Ne5 27. Rd4 Nc6 28. Rd1 Ne5 29. Qd4 Nd3 30. b3 Re4 31. Qb6 a4 32. bxc4 dxc4 33. Qd6 Qc8 34. Rb1 Re8 35. Qd4 Ne4 36. Nxc4 Ndxf2 37. Nd6 Nxd6 38. Bxd6 Ne4 39. Rb8 Qc6 40. Rxe8+ Qxe8 41. Bb4 Qe6 42. a3 f5 43. c4 Kh7 44. Bf8 Qf7 45. Bb4 h5 46. Qe5 h4 47. Qf4 g5 48. Qe5 Kg6 49. Qd4 Qe6 50. Bf8 Qf7 51. Bb4 Qc7 52. Qd5 Kf6 53. Qd4+ Kg6 54. Qd5 Nf6 55. Qd4 Ne4 56. Qd5 Kf6 57. Qd4+ Qe5 58. Qd8+ Kg6 59. Qg8+ Kf6 60. Qh8+ Ke6 61. Qe8+ 1/2-1/2

[Event "Moscow Aeroflot op-B 17th"]
[Site "Moscow"]
[Date "2018.02.26"]
[Round "7"]
[White "Pranav, V."]
[Black "Taalaibekov, Tagir"]
[Result "1/2-1/2"]
[WhiteElo "2284"]
[BlackElo "2205"]
[PlyCount "163"]
[EventDate "2018.02.20"]
[EventType "swiss"]
[EventRounds "9"]
[EventCountry "RUS"]
[SourceTitle "CBM 183 Extra"]
[Source "ChessBase"]
[SourceDate "2018.04.19"]
[SourceVersion "1"]
[SourceVersionDate "2018.04.19"]
[SourceQuality "1"]

1. e4 e6 2. d3 d5 3. Nd2 Nf6 4. g3 c5 5. Bg2 Nc6 6. Ngf3 g6 7. 0-0 Bg7 8. Re1 0-0 9. Qe2 dxe4 10. dxe4 e5 11. c3 b6 12. Nf1 h6 13. Rd1 Qc7 14. Ne3 Ne7 15. Nd2 Bb7 16. b3 Rad8 17. Bb2 Rfe8 18. Rac1 Kh7 19. a3 Rd7 20. b4 Red8 21. b5 a6 22. a4 axb5 23. axb5 Ra8 24. Ra1 Rxa1 25. Rxa1 Ne8 26. c4 Nd6 27. Nd5 Bxd5 28. exd5 f6 29. g4 Nf7 30. h4 Rd8 31. Re1 Nc8 32. Qd3 Qd7 33. Bh3 Nh8 34. g5 Qc7 35. gxf6 Bxf6 36. f4 Bxh4 37. Bxe5 Nd6 38. Re2 Qf7 39. Be6 Qf8 40. Rg2 Bf6 41. Qc3 Bg7 42. Nf3 Ndf7 43. Bxg7 Qxg7 44. Ne5 Rf8 45. Bxf7 Rxf7 46. Qg3 Rf6 47. Rh2 Nf7 48. Rc2 Nd6 49. Ra2 Nf5 50. Qh3 Nd4 51. Qe3 Qe7 52. Qe4 Kg7 53. Qg2 Kh7 54. Ra8 g5 55. Qa2 Rf7 56. d6 Qxd6 57. Ra7 Re7 58. Qb1+ Kg8 59. Ra8+ Kg7 60. Qe4 Qf6 61. Rd8 gxf4 62. Qd5 Qg5+ 63. Kf1 Ne6 64. Rd7 Qf6 65. Qd6 Rxd7 66. Qxd7+ Kg8 67. Qe8+ Nf8 68. Kf2 Qh4+ 69. Kf3 Qf6 70. Qb8 h5 71. Qe8 h4 72. Ng4 Qc3+ 73. Kxf4 Qxc4+ 74. Kg5 Qd5+ 75. Kxh4 Kg7 76. Qe7+ Qf7 77. Qe5+ Kh7 78. Nf6+ Kh8 79. Nd7+ Kg8 80. Nf6+ Kh8 81. Nh5+ Kh7 82. Nf6+ 1/2-1/2

[Event "Moscow Aeroflot op-B 17th"]
[Site "Moscow"]
[Date "2018.02.25"]
[Round "6"]
[White "Taalaibekov, Tagir"]
[Black "Monnisha, GK."]
[Result "0-1"]
[WhiteElo "2205"]
[BlackElo "2281"]
[PlyCount "120"]
[EventDate "2018.02.20"]
[EventType "swiss"]
[EventRounds "9"]
[EventCountry "RUS"]
[SourceTitle "CBM 183 Extra"]
[Source "ChessBase"]
[SourceDate "2018.04.19"]
[SourceVersion "1"]
[SourceVersionDate "2018.04.19"]
[SourceQuality "1"]

1. d4 Nf6 2. Nf3 e6 3. Bf4 d5 4. e3 c5 5. c3 Nc6 6. Nbd2 Bd6 7. Bg3 0-0 8. Bd3 b6 9. a4 Bb7 10. Qe2 Ne7 11. dxc5 Bxc5 12. e4 dxe4 13. Nxe4 Nxe4 14. Bxe4 Bxe4 15. Qxe4 Qd5 16. Qxd5 Nxd5 17. 0-0 f6 18. Rfd1 Rfd8 19. Rd2 a5 20. Rad1 Rdc8 21. Nd4 Bxd4 22. Rxd4 Ra7 23. f4 f5 24. Bf2 Rac7 25. g3 h6 26. h4 Kf7 27. Rxd5 exd5 28. Rxd5 g6 29. h5 Rc6 30. hxg6+ Kxg6 31. Bd4 Kh5 32. Kf2 Kg4 33. Re5 Rd8 34. Re1 Kh5 35. Re5 Kg4 36. Re1 Kh5 37. Re7 Rdd6 38. Rb7 Kg4 39. Rf7 Rd5 40. Rg7+ Kh5 41. Rb7 Kg4 42. Rg7+ Kh5 43. Kf3 b5 44. g4+ fxg4+ 45. Rxg4 bxa4 46. Rg2 Rb5 47. Ke4 Re6+ 48. Be5 Re8 49. c4 Rc5 50. Kd4 Rec8 51. Rc2 Kg4 52. Bd6 Rf5 53. c5 h5 54. Be5 h4 55. c6 h3 56. Ke4 Rh5 57. f5 Rxf5 58. c7 Re8 59. Kd4 Rfxe5 60. c8Q+ Rxc8 0-1

[Event "Moscow Aeroflot op-B 17th"]
[Site "Moscow"]
[Date "2018.02.24"]
[Round "5"]
[White "Taalaibekov, Tagir"]
[Black "Lugovskoy, Maxim"]
[Result "1-0"]
[WhiteElo "2205"]
[BlackElo "2459"]
[PlyCount "95"]
[EventDate "2018.02.20"]
[EventType "swiss"]
[EventRounds "9"]
[EventCountry "RUS"]
[SourceTitle "CBM 183 Extra"]
[Source "ChessBase"]
[SourceDate "2018.04.19"]
[SourceVersion "1"]
[SourceVersionDate "2018.04.19"]
[SourceQuality "1"]

1. d4 d5 2. c4 e6 3. Nf3 Nf6 4. Nc3 Nbd7 5. Bf4 a6 6. c5 c6 7. e3 Be7 8. h3 Nh5 9. Bh2 f5 10. Bd3 Nhf6 11. 0-0 0-0 12. b4 Ne4 13. Ne2 Bf6 14. Ne5 Bxe5 15. dxe5 b6 16. Nd4 Qe8 17. cxb6 Nxb6 18. Qc2 Bd7 19. f3 Ng5 20. h4 Nf7 21. e4 g6 22. exf5 gxf5 23. g4 fxg4 24. Bxh7+ Kh8 25. Qg6 g3 26. Bxg3 Qe7 27. Qh5 Nh6 28. Bd3 Qg7 29. Kh2 Rg8 30. Rg1 Qf8 31. Bf2 Qf4+ 32. Kh1 Raf8 33. Rxg8+ Rxg8 34. Ne2 Qd2 35. f4 Qxd3 36. Qxh6+ Qh7 37. Qxh7+ Kxh7 38. Bxb6 Be8 39. Rg1 Rf8 40. Be3 Bg6 41. Nd4 Rb8 42. a3 c5 43. bxc5 Rb2 44. Rg3 Be4+ 45. Kg1 Rb1+ 46. Kf2 Rb2+ 47. Ke1 Rb1+ 48. Kd2 1-0